000 00526nam a2200205Ia 4500
005 20251118160058.0
008 230125s9999 xx 000 0 und d
020 _a81-86685-22-7
041 _aeng
082 _a158.1
_bLLO
100 _aLuthra S R
_9215078
245 _aTalk to win
260 _c2002
_bWisdom tree
_aNew Delhi
300 _a139p
500 _aPersonality Development,
500 _aPersonality Improvement
650 _aPersonality Development
_9213420
700 _aLuthra S R
_9215078
942 _cBK
999 _c90152
_d90152